<?xml version="1.0" encoding="UTF-8"?>
<record
    xmlns:xsi="http://www.w3.org/2001/XMLSchema-instance"
    xsi:schemaLocation="http://www.loc.gov/MARC21/slim http://www.loc.gov/standards/marcxml/schema/MARC21slim.xsd"
    xmlns="http://www.loc.gov/MARC21/slim">

  <leader>01300nam a2200265 a 4500</leader>
  <controlfield tag="001">ASIN1856697215</controlfield>
  <controlfield tag="003">OSt</controlfield>
  <controlfield tag="005">20180116192421.0</controlfield>
  <controlfield tag="008">140227s2011    xxu                 eng d</controlfield>
  <datafield tag="020" ind1=" " ind2=" ">
    <subfield code="a">1856697215 (paperback)</subfield>
    <subfield code="c">$35.00</subfield>
  </datafield>
  <datafield tag="020" ind1=" " ind2=" ">
    <subfield code="a">9781856697217 (paperback)</subfield>
  </datafield>
  <datafield tag="040" ind1=" " ind2=" ">
    <subfield code="c">SADA</subfield>
  </datafield>
  <datafield tag="050" ind1="0" ind2="4">
    <subfield code="a">Z261</subfield>
  </datafield>
  <datafield tag="082" ind1="0" ind2="4">
    <subfield code="a">736.98</subfield>
  </datafield>
  <datafield tag="100" ind1="1" ind2=" ">
    <subfield code="a">Jackson, Paul.</subfield>
    <subfield code="9">7360</subfield>
  </datafield>
  <datafield tag="245" ind1="1" ind2="0">
    <subfield code="a">Folding techniques for designers :</subfield>
    <subfield code="b">from sheet to form /</subfield>
    <subfield code="c">Paul Jackson.</subfield>
  </datafield>
  <datafield tag="250" ind1=" " ind2=" ">
    <subfield code="a">Pap/Cdr ed.</subfield>
  </datafield>
  <datafield tag="260" ind1=" " ind2=" ">
    <subfield code="a">[S.l.] :</subfield>
    <subfield code="b">Laurence King Publishing,</subfield>
    <subfield code="c">2011.1 CD-ROM (4 3/4 in.)</subfield>
  </datafield>
  <datafield tag="300" ind1=" " ind2=" ">
    <subfield code="a">224 p. ;</subfield>
    <subfield code="c">22 cm. + 1 CD-ROM (4 3/4 in.) </subfield>
  </datafield>
  <datafield tag="520" ind1=" " ind2=" ">
    <subfield code="a">Many designers use folding techniques in their work to make three-dimensional forms from two-dimensional sheets of fabric, cardboard, plastic, metal, and many other materials. This unique book explains the key techniques of folding, such as pleated surfaces, curved folding and crumpling. An elegant, practical handbook, it covers over 70 techniques explained by clear step-by-step drawings, crease-pattern drawings, and specially commissioned photography.</subfield>
  </datafield>
  <datafield tag="650" ind1=" " ind2="0">
    <subfield code="a">Paper folding (Graphic design)</subfield>
    <subfield code="9">7361</subfield>
  </datafield>
  <datafield tag="650" ind1=" " ind2="0">
    <subfield code="a">Paper work</subfield>
    <subfield code="9">7362</subfield>
  </datafield>
  <datafield tag="856" ind1="4" ind2="0">
    <subfield code="3">Amazon.com</subfield>
    <subfield code="u">http://www.amazon.com/exec/obidos/ASIN/1856697215/chopaconline-20</subfield>
  </datafield>
  <datafield tag="942" ind1=" " ind2=" ">
    <subfield code="2">ddc</subfield>
    <subfield code="c">BK</subfield>
  </datafield>
  <datafield tag="999" ind1=" " ind2=" ">
    <subfield code="c">353903</subfield>
    <subfield code="d">353903</subfield>
  </datafield>
  <datafield tag="952" ind1=" " ind2=" ">
    <subfield code="0">0</subfield>
    <subfield code="1">0</subfield>
    <subfield code="2">ddc</subfield>
    <subfield code="4">0</subfield>
    <subfield code="7">0</subfield>
    <subfield code="a">SADA</subfield>
    <subfield code="b">SADA</subfield>
    <subfield code="d">2014-02-25</subfield>
    <subfield code="l">12</subfield>
    <subfield code="m">4</subfield>
    <subfield code="o">736.98 JAC 2011</subfield>
    <subfield code="p">SADA0002250</subfield>
    <subfield code="r">2025-02-17</subfield>
    <subfield code="s">2025-02-12</subfield>
    <subfield code="v">2180.65</subfield>
    <subfield code="w">2014-02-28</subfield>
    <subfield code="y">BK</subfield>
  </datafield>
  <datafield tag="952" ind1=" " ind2=" ">
    <subfield code="0">0</subfield>
    <subfield code="1">0</subfield>
    <subfield code="2">ddc</subfield>
    <subfield code="4">0</subfield>
    <subfield code="7">0</subfield>
    <subfield code="a">SADA</subfield>
    <subfield code="b">SADA</subfield>
    <subfield code="d">2014-02-25</subfield>
    <subfield code="l">1</subfield>
    <subfield code="o">CD 736.98 JAC 2011</subfield>
    <subfield code="p">SADA0002254</subfield>
    <subfield code="r">2016-04-11</subfield>
    <subfield code="s">2016-04-05</subfield>
    <subfield code="w">2014-02-28</subfield>
    <subfield code="y">CDS</subfield>
  </datafield>
</record>
